000 00318nam a2200121Ia 4500
008 220120s9999||||xx |||||||||||||| ||und||
020 _a81-88237-79-5
100 _aSommerville, Ian
245 0 _aSoftware engineering
260 _aPearson education of asia
_bBangalooru
_c2006
300 _b165
650 _aMECHANICHAL
999 _c137228
_d137228